Bircham & Co Nominees (No 2) Ltd and another v Worrell Holdings Ltd (Record no. 69020)

MARC details
000 -LEADER
fixed length control field 01843cam a2200229 4500
001 - CONTROL NUMBER
control field ABS64812
008 - FIXED-LENGTH DATA ELEMENTS--GENERAL INFORMATION
fixed length control field 011204n2001 000 0 eng u
035 ## - SYSTEM CONTROL NUMBER
System control number (Sirsi) u115855
245 ## - TITLE STATEMENT
Title Bircham & Co Nominees (No 2) Ltd and another v Worrell Holdings Ltd
260 ## - PUBLICATION, DISTRIBUTION, ETC.
Date of publication, distribution, etc. 2001
490 ## - SERIES STATEMENT
Series statement Estates Gazette Law Reports
Volume/sequential designation [2001] 47 EG 149, 149-158(10)
520 ## - SUMMARY, ETC.
Summary, etc. CA 22 May 2001. The appellants (B) were the owners of the reversion to a long lease held by the respondent tenant (W). Clause 5 of the lease stated that during the lease, that if the tenant wanted to assign the lease, it should be first offered to the landlord, including the price at which it would sell. If there was no response from the landlord within 21 days, the assignment could then proceed to an approved assignee at an ecquivalent, or higher price than offered to the landlord. On 28 October 1997, following an offer to purchase in the open market value at £1.7m W offered to sell the term to the landlord for the same price. On 18 November 1997 B stated they wished to exercise that right and that carpets and other matters should be included in the sale. By January 1998 W was arguing that there was no binding contract between the parties because, "inter alia", the two letters of 28 October and 18 November did not fulfil the Law of Property(Miscellaneous Provisions) 1989 s2. The Vice Chancellor concluded that the two letters did not satisfy s2 of the 1989 Act. B's appeal dismissed.
590 ## - LOCAL NOTE (RLIN)
Local note ABS
650 ## - SUBJECT ADDED ENTRY--TOPICAL TERM
Topical term or geographic name entry element PRE-EMPTION RIGHTS
650 ## - SUBJECT ADDED ENTRY--TOPICAL TERM
Topical term or geographic name entry element ENFORCEMENT
650 ## - SUBJECT ADDED ENTRY--TOPICAL TERM
Topical term or geographic name entry element OPTION
650 ## - SUBJECT ADDED ENTRY--TOPICAL TERM
Topical term or geographic name entry element LAW OF PROPERTY (MISCELLANEOUS PROVISIONS) ACT 1989 S2
650 ## - SUBJECT ADDED ENTRY--TOPICAL TERM
Topical term or geographic name entry element CONDITIONAL CONTRACT
650 ## - SUBJECT ADDED ENTRY--TOPICAL TERM
Topical term or geographic name entry element BIRCHAM AND CO NOMINEES (NO 2) LTD AND ANOTHER V WORRELL HOLDINGS LTD
690 ## - LOCAL SUBJECT ADDED ENTRY--TOPICAL TERM (OCLC, RLIN)
Topical term or geographic name as entry element LANDLORD AND TENANT-BUSINESS TENANCIES-CASE LAW
942 ## - ADDED ENTRY ELEMENTS (KOHA)
Suppress in OPAC 0
Holdings
Withdrawn status Lost status Source of classification or shelving scheme Damaged status Not for loan Home library Current library Shelving location Date acquired Total Checkouts Full call number Barcode Date last seen Copy number Price effective from Koha item type
    Dewey Decimal Classification     London London Journal article 04/12/2001   ABS64812 115855-1001 06/08/2019 1 06/08/2019 Law report